LEADER 01070nam a2200265 i 4500 001 000000153297 003 CaOOAMICUS 005 20090319000000.0 008 090319s1968 it u000 u eng u 013 $a130638 020 $a269-02565-0 040 $aSeMil$bita 100 1 $aRossi, Ferdinando.$0(OLS)http://semarc/name/60028 245 10$aMosaics :$ba survey of their History and Techniques /$cFerdinando Rossi. 260 $aLondon :$bPall Mall Press,$ccopyr. 1968. 300 $a200 p. :$briccamente ill. ;$c30 cm. 500 $aContiene : Bibliography. - Fondo Card. Giovanni Colombo. 650 4$aMosaici.$0(OLS)http://semarc/subject/19979 850 $aSeMil 852 $aSeMil$W1$xVenegono$y1$m5V X 28$j105239$B105239$CSeMilBibl$Z2$F140366 $8I 941 1 $a3 961 $aLascito: Colombo Card. Giovanni 996 $6020$a269-02565-0$9(OLS)http://semarc/number/143096 996 $6245$aMosaics :$ba survey of their History and Techniques$9(OLS)http://semarc/title/224253 996 $6260$aLondon :$bPall Mall Press$9(OLS)http://semarc/publisher/48068 LEADER 01321nam a2200229 i 4500 001 000000011237 003 CaOOAMICUS 005 20180830125440.0 008 180830s1792 it u000 u ita u 040 $aSeMil$bita 245 10$aDelle antichità longobardico-milanesi illustrate con dissertazioni dai monaci della congregazione cisterciese di Lombardia. Volume 1. [-4.]. 260 $aIn Milano :$bNell'Imperial Monistero di S. Ambrogio Maggiore,$c1792-1793. 300 $a4 v. ;$c4°. 500 $aOpera dell'abate Angelo Fumagalli, aiutato nelle ricerche da Michele Della Torre e Valsasine, cfr. G. Melzi, Dizionario delle opere anonime e pseudonime, v. 1., p. 65. - Fregi xilogr. 700 1 $aFumagalli, Angelo,$d<1728-1804>.$0(OLS)http://semarc/name/5427 710 2 $aTipografia del Monastero di S. Ambrogio Maggiore$b.$0(OLS)http://semarc/name/2454 774 0 $tVolume 1.$g1$w()49430 774 0 $tVolume 2.$g2$w()252122 774 0 $tVolume 3.$g3$w()252126 774 0 $tVolume 4.$g4$w()252127 996 $6245$aDelle antichità longobardico-milanesi illustrate con dissertazioni dai monaci della congregazione cisterciese di Lombardia. Volume 1. [-4.]$9(OLS)http://semarc/title/14845 996 $6260$aIn Milano :$bNell'Imperial Monistero di S. Ambrogio Maggiore$9(OLS)http://semarc/publisher/33094